El contrato de viaje combinado

Kaydedildi:
Detaylı Bibliyografya
Yazar: Gómez Calle, Esther (Yazar)
Materyal Türü: Kitap
Dil:İspanyolca
Baskı/Yayın Bilgisi: Madrid Civitas 1998
Seri Bilgileri:Colección Monografías Civitas
Konular:
Etiketler: Etiketle
Etiket eklenmemiş, İlk siz ekleyin!

MARC

LEADER 00000nam a2200000 a 4500
001 UCP6241
003 CL-VaPUC
008 991015e19980000SP |||||||||||||||||spa|d
082 0 4 |a 346.02  |b GOM  |2 21 
100 |a Gómez Calle, Esther  |e author  |9 435218 
245 1 3 |a El contrato de viaje combinado 
300 |a 354 p 
942 |c BK 
945 |d 19991015 00:00:00  |a vberengu 
260 |a Madrid  |b Civitas  |c 1998 
650 0 |a Ordenamiento jurídico   |9 355371 
650 0 |a Consumidores  |9 315658 
650 0 |a Protección al consumidor  |9 255293 
650 7 |a RESPONSABILIDADES  |2 CL-VaPUC  |9 430863 
650 0 |a Garantías  |9 385837 
650 0 |a Agencias de viajes   |9 412826 
650 0 |a Contratos  |9 255153 
651 0 |a España  |9 254926 
583 |a last modification  |c 20160307 12:33:11  |k Rodrigo Vera 
490 0 |a Colección Monografías Civitas 
999 |c 283844  |d 283842